000 00846nam a2200289 a 4500
001 9143
003 BD-RjUL
005 20211208234726.0
008 140120s1959 nju b 000 0 eng
035 _a(BD-RjUL)9188
040 _aDLC
_cBD-RjUL
_dBD-RjUL
_beng
041 _aeng
082 _219
_a382
_bHOI 1959
100 1 _aHorn, Paul Valentine.
_928366
245 1 0 _aInternational trade: principles and practices /
_cPaul Valentine Horn.
250 _a4th ed.
260 _aNew Jersey :
_bPrentice-Hall,
_c1959.
300 _a597 p.
504 _aIncludes bibliography.
650 0 _aCommerce.
_928367
650 0 _aShipping.
_928368
651 0 _aUnited States
_xCommerce.
_928369
651 0 _aUnited States
_xCommercial policy.
_98618
700 1 _aGomez, Henry,
_ejoint author.
_928370
942 _2ddc
_cBK
999 _c9143
_d9143